| 000 | 01598cam a22003495a 4500 | ||
|---|---|---|---|
| 001 | 017389992 | ||
| 003 | OSt | ||
| 005 | 20160510113544.0 | ||
| 008 | 150527t2013 nyua frb 001 0 eng d | ||
| 020 | _a9781137543561 (pbk.) | ||
| 040 |
_aStDuBDS _beng _cStDuBDS _dEG-ScBUE |
||
| 043 | _af-ua--- | ||
| 082 | 0 | 4 |
_a302.2310962 _bNAW _222 |
| 100 | 1 |
_aEl-Nawawy, Mohammed, _d1968- _939806 |
|
| 245 | 1 | 0 |
_aEgyptian revolution 2.0 : _bpolitical blogging, civic engagement, and citizen journalism / _cMohammed el-Nawawy and Sahar Khamis. |
| 260 |
_aNew York : _bPalgrave Macmillan, _cc.2013. |
||
| 300 |
_aviii, 241 p. ; _c22 cm. |
||
| 490 | 0 | _aPalgrave Macmillan series in international political communication | |
| 500 | _aIndex : p. [235]-241. | ||
| 504 | _aBibliography : p. [219]-233. | ||
| 520 | _aThis book sheds light on the growing phenomenon of cyberactivism in the Arab world, with a special focus on the Egyptian political blogosphere and its role in paving the way to democratization and socio-political change in Egypt, which culminated in Egypt's historical popular revolution. | ||
| 650 | 0 |
_aPolitical activists _zEgypt _xBlogs. _2BUEsh |
|
| 650 | 0 |
_aProtest movements _zEgypt _xBlogs. _2BUEsh |
|
| 650 | 0 |
_aCitizen journalism _zEgypt. _2BUEsh |
|
| 650 | 0 |
_aSocial media _xPolitical aspects _zEgypt. _2BUEsh |
|
| 650 | 0 |
_aInternet _xPolitical aspects _zEgypt. _2BUEsh |
|
| 650 | 0 |
_aPolitical participation _zEgypt. _2BUEsh |
|
| 651 | 0 |
_aEgypt _xHistory _yProtests, 2011- _xBlogs. _2BUEsh |
|
| 653 |
_bCOMAME _bBUSBOL _cApril2016 _cMay2016 |
||
| 700 | 1 |
_aKhamis, Sahar. _939807 |
|
| 942 | _2ddc | ||
| 999 |
_c21611 _d21583 |
||